Podniková ekonomika pre 2. ročník študijného odboru obchodná akadémia
Salvato in:
| Autore principale: | |
|---|---|
| Altri autori: | , , , , |
| Natura: | Libro |
| Lingua: | slovacco |
| Pubblicazione: |
Bratislava
Slovenské pedagogické nakladateľstvo
2008
|
| Soggetti: | |
| Tags: |
Nessun Tag, puoi essere il primo ad aggiungerne!!
|
MARC
| LEADER | 00000nam$a2200000$$$4500 | ||
|---|---|---|---|
| 001 | 0093153 | ||
| 005 | 20240502072034.9 | ||
| 020 | |a 978-80-10-01363-0 | ||
| 041 | 0 | |a slo | |
| 044 | |a SK | ||
| 245 | 1 | 0 | |a Podniková ekonomika pre 2. ročník študijného odboru obchodná akadémia |c Darina Orbánová, Ľudmila Velichová |
| 264 | 1 | |a Bratislava |b Slovenské pedagogické nakladateľstvo |c 2008 | |
| 300 | |a 254 s. | ||
| 610 | 2 | 0 | |a hospodárstvo podnikové |
| 610 | 2 | 0 | |a výroba |
| 610 | 2 | 0 | |a obchod vnútorný |
| 610 | 2 | 0 | |a obchod zahraničný |
| 610 | 2 | 0 | |a styk platobný medzinárodný |
| 610 | 2 | 0 | |a sústava daňová |
| 100 | 1 | |a Orbánová, Darina | |
| 700 | 1 | |a Velichová, Ľudmila | |
| 700 | 1 | |a Glatzová, Eva | |
| 700 | 1 | |a Skladanová, Anna | |
| 700 | 1 | |a Neumannová, Anna | |
| 700 | 1 | |a Baligová, Zuzana | |